000 00476nam a2200193 a 4500
001 1768117515454
003 YourLibrary
005 20260112125813.0
008 260111s2009##################000#0#eng##
020 _a9788189995317
082 0 4 _a297.40954
_bQUR
100 1 _aQuraeshi, Samina,
_eauthor.
245 1 0 _aSacred Spaces :
260 _c2009.
300 _a279 pages
650 0 _aIslamic shrines.
942 _cENGLISH
040 _aYourLibrary
_beng
_cYourLibrary
999 _c608242
_d608242